Statistics for Countries by picture of former leader

Click here to take the quiz!

General Stats

  • This quiz has been taken 25 times
  • The average score is 25 of 36

Answer Stats

Answer% Correct
Iraq
96%
Iran
96%
China
96%
United Kingdom
96%
Cuba
91%
France
91%
United States
91%
South Africa
91%
Japan
91%
Egypt
87%
Libya
87%
Spain
87%
Pakistan
83%
Indonesia
83%
North Korea
83%
Soviet Union
83%
Italy
83%
Vietnam
83%
Canada
78%
Uganda
78%
Romania
74%
Zimbabwe
74%
Cambodia
70%
Yugoslavia
65%
Philippines
61%
Ethiopia
57%
Chile
57%
Turkey
48%
East Germany
43%
Algeria
43%
Ghana
43%
Albania
35%
Rwanda
26%
Haiti
22%
Paraguay
17%
Prussia
9%

Score Distribution

Percentile by Number Answered

Percent of People with Each Score

Your Score History

You have not taken this quiz